| 000 | 00762nam a22002297a 4500 | ||
|---|---|---|---|
| 005 | 20170124110100.0 | ||
| 010 | _a796820 | ||
| 020 |
_c00.00 _a9231012959 |
||
| 035 | _a796820 | ||
| 037 | _bCen Lib/Ret | ||
| 040 |
_aDPL _bEN |
||
| 082 |
_a301.243 _bLEE |
||
| 100 |
_aLee, John A.R. _927075 |
||
| 245 |
_aTowards realistic communaction policies : _cby John A.R. Lee _brecent trends and ideas compiled and analysed / |
||
| 260 |
_aParis _bUNESCO press _c1976 |
||
| 270 |
_bParis _a7, place de fonrenoy _e75700 |
||
| 300 |
_a60p. _c24cm(Hb) |
||
| 500 | _aIncludes bibliographical references and index | ||
| 650 |
_aCommunication _x-Research _927076 |
||
| 650 |
_aCommunication _x-Social aspects _927077 |
||
| 942 |
_2ddc _cEN _h301.243 _mLEE |
||
| 999 |
_c129659 _d129659 |
||